<?xml version="1.0" encoding="UTF-8"?>
<collection xmlns="http://www.loc.gov/MARC21/slim">
<record>
  <controlfield tag="001">5804</controlfield>
  <controlfield tag="005">20230512155532.0</controlfield>
  <datafield tag="037" ind1=" " ind2=" ">
    <subfield code="a">POSTER-2022-0034</subfield>
  </datafield>
  <datafield tag="100" ind1=" " ind2=" ">
    <subfield code="a">Vanden Broeck, Grégory</subfield>
  </datafield>
  <datafield tag="245" ind1=" " ind2=" ">
    <subfield code="a">Study of the magnetic structures in full-disk solar Ca II K images and sun-like stars connection</subfield>
  </datafield>
  <datafield tag="260" ind1=" " ind2=" ">
    <subfield code="c">2022</subfield>
  </datafield>
  <datafield tag="269" ind1=" " ind2=" ">
    <subfield code="c">2022-07-06</subfield>
  </datafield>
  <datafield tag="520" ind1=" " ind2=" ">
    <subfield code="a">The emission in the Ca II K line is modulated by the magnetic activity. The magnetic field produced by the action of a dynamo in the solar interior emerges on the surface leading to the formation of magnetic features. It extends further in the chromosphere where it causes the formation of plages, which are bright extended structures. Our goal is to study the long-term brightness variation of the chromosphere in this line taking into account the different chromospheric structures. Those structures are the main contributors to the variability of the solar irradiance. For this we exploit the archives of synoptic images taken on-site at the Royal Observatory of Belgium with the Uccle Solar Equatorial Table (USET). The station carries 3 solar-patrol telescopes producing full-disc images in 3 different wavelengths (white-light, Ca II K and H alpha). Ca II K images are recorded since 2012 so we can make our study for the second half of the cycle 24 and the beginning of the cycle 25. I will show the methods to estimate the brightness variation of the plages and the plage fraction area from the USET images. In addition, I will discuss how these preliminary results can be extended to more general observations of sun-like-stars.</subfield>
  </datafield>
  <datafield tag="594" ind1=" " ind2=" ">
    <subfield code="a">NO</subfield>
  </datafield>
  <datafield tag="700" ind1=" " ind2=" ">
    <subfield code="a">Bechet, Sabrina</subfield>
  </datafield>
  <datafield tag="700" ind1=" " ind2=" ">
    <subfield code="a">Clette, Frédéric</subfield>
  </datafield>
  <datafield tag="700" ind1=" " ind2=" ">
    <subfield code="a">Rauw, Gregor</subfield>
  </datafield>
  <datafield tag="773" ind1=" " ind2=" ">
    <subfield code="t">Cool Stars 21, Toulouse, France</subfield>
  </datafield>
  <datafield tag="856" ind1="0" ind2=" ">
    <subfield code="f">gregory.vandenbroeck@observatory.be</subfield>
  </datafield>
  <datafield tag="856" ind1="4" ind2="2">
    <subfield code="a">https://coolstars21.github.io/docs/CS21booklet.pdf</subfield>
  </datafield>
  <datafield tag="856" ind1="4" ind2=" ">
    <subfield code="s">1670465</subfield>
    <subfield code="u">http://publi2-as.oma.be/record/5804/files/CoolStars21_Poster_VandenBroeckGregory.pdf</subfield>
  </datafield>
  <datafield tag="856" ind1="4" ind2=" ">
    <subfield code="s">25638</subfield>
    <subfield code="u">http://publi2-as.oma.be/record/5804/files/CoolStars21_Poster_VandenBroeckGregory.jpg?subformat=icon-180</subfield>
    <subfield code="x">icon-180</subfield>
  </datafield>
  <datafield tag="856" ind1="4" ind2=" ">
    <subfield code="s">30568</subfield>
    <subfield code="u">http://publi2-as.oma.be/record/5804/files/CoolStars21_Poster_VandenBroeckGregory.gif?subformat=icon</subfield>
    <subfield code="x">icon</subfield>
  </datafield>
  <datafield tag="980" ind1=" " ind2=" ">
    <subfield code="a">CPOSTER</subfield>
  </datafield>
</record>
</collection>